Films avec Michèle Laroque par image - Statistiques

Statistiques générales
  • Ce quiz a été pris 27 fois
  • Le résultat moyen est 7 sur 16
Statistiques - réponses
Par images Réponse % Correct
Belle et Sébastien : Nouvelle Génération
87%
Le Placard
83%
La Maison du bonheur
61%
Pédale dure
57%
Camping 3
52%
Joyeuse retraite !
48%
Ténor
43%
Alors on danse
39%
Malabar Princess
39%
Monsieur Papa
39%
Brillantissime
35%
Des jours meilleurs
26%
L'Heureuse élue
26%
Lune de miel avec ma mère
26%
Ma vie en rose
22%
Nelly et Monsieur Arnaud
22%
Aucun quiz correspondant
Distribution des résultats
% des personnes avec chaque résultat
Percentile par nombre de réponses
Votre historique - résultats
Vous n’avez pas pris ce quiz